000 00368 a2200121 4500
020 _a84959381111
082 _a708
_bC115i
110 _aCabildo de Lanzarote
_9925
245 _aInterpretacion de las Vanguardias
_b(tecnicas Molas Kunas)
260 _aPanama
_bTaller de Portobelo
_c2002
300 _a55 p
_bill (col)
_c21 cm
650 _xcatalogo
_xexhibicion
_xtejidos kunas
_9926
999 _c196
_d196